000 00859cam a22002777a 4500
003 CHAP
005 20220329141531.0
008 971013s r 00010 d
010 _a69756
011 _a70728
035 _a80281
040 _cCHAP
090 _aR-2653
100 0 0 _aJamieson, M. F. S.
_961031
245 0 _aProblems with the storage of canned goods in the tropics
500 _aSobretiro de: Tropical stored products inf. 16: 3-16, 1968
590 _aBATCH-UPD
_b10
_c20130110
_lUCH01
_h1634
590 _aBATCH-UPD
_b10
_c20130410
_lUCH01
_h1026
590 _aBATCH-UPD
_b10
_c20130914
_lUCH01
_h0149
590 _aCONVERSION
_b10
_c20130109
_lUCH01
_h1338
650 1 4 _aAlimentos
_xAlmacenamiento.
_94162
650 1 4 _aEnlatado y conservación.
_937003
901 _aBK
942 _cREIMP
949 _aR-2653
_bBC
_cR
_d-33183
_eTS1
_i80281
_si
999 _c69756
_d69756